UM Logo

Entrepreneurial skills of small scale farmers in Kapatagan, Digos City/ (Record no. 2985)

MARC details
000 -LEADER
fixed length control field 00633nam a22001577a 4500
008 - FIXED-LENGTH DATA ELEMENTS--GENERAL INFORMATION
fixed length control field 160603b xxu||||| |||| 00| 0 eng d
082 ## - DEWEY DECIMAL CLASSIFICATION NUMBER
Edition number 2015
Classification number UT 0630
Item number Ab83
100 ## - MAIN ENTRY--PERSONAL NAME
9 (RLIN) 9956
Personal name Abrandillo, Liezel Mae E.
245 ## - TITLE STATEMENT
Title Entrepreneurial skills of small scale farmers in Kapatagan, Digos City/
Statement of responsibility, etc. Liezel Mae E. Abrandillo, Hazel Mae P. Martel and Glydeline F. Abiar.
260 ## - PUBLICATION, DISTRIBUTION, ETC. (IMPRINT)
Place of publication, distribution, etc. Digos City:
Name of publisher, distributor, etc. UMDC
Date of publication, distribution, etc. November 2015.
300 ## - PHYSICAL DESCRIPTION
Extent 80 pages;
Dimensions 30 cm.
650 #0 - SUBJECT ADDED ENTRY--TOPICAL TERM
9 (RLIN) 9953
Topical term or geographic name as entry element Business Administration
Form subdivision Marketing Management
General subdivision Undergraduate thesis.
700 ## - ADDED ENTRY--PERSONAL NAME
9 (RLIN) 9951
Personal name Martel, Hazel Mae P.
700 ## - ADDED ENTRY--PERSONAL NAME
9 (RLIN) 9952
Personal name Abiar, Glydeline F.
942 ## - ADDED ENTRY ELEMENTS (KOHA)
Source of classification or shelving scheme Dewey Decimal Classification
Koha item type Undergraduate Thesis
Holdings
Withdrawn status Lost status Source of classification or shelving scheme Damaged status Not for loan Collection code Home library Current library Date acquired Total Checkouts Full call number Barcode Date last seen Price effective from Koha item type
    Dewey Decimal Classification     Undergraduate Theses UM Digos College - LIC UM Digos College - LIC 06/03/2016   UT 0630 Ab83 2015 UT0630 06/03/2016 06/03/2016 Undergraduate Thesis